Detalles MARC
| 000 -LEADER |
| campo de control de longitud fija |
02085cam a22003854i 4500 |
| 003 - IDENTIFICADOR DE NÚMERO DE CONTROL |
| campo de control |
PE-LiUPU |
| 005 - FECHA Y HORA DE LA ÚLTIMA TRANSACCIÓN |
| campo de control |
20250812151958.0 |
| 008 - DATOS DE LONGITUD FIJA--INFORMACIÓN GENERAL |
| campo de control de longitud fija |
199601s1975 miua rb 001 0 eng d |
| 020 ## - NÚMERO INTERNACIONAL ESTÁNDAR DEL LIBRO |
| Número Internacional Estándar del Libro |
0801028388 |
| 035 ## - NÚMERO DE CONTROL DEL SISTEMA |
| Número de control de sistema |
PE-LiUPU42194 |
| 040 ## - FUENTE DE CATALOGACIÓN |
| Centro catalogador/agencia de origen |
PE-LiUPU |
| Lengua de catalogación |
eng |
| Centro/agencia transcriptor |
PE-LiUPU |
| Normas de descripción |
rda |
| 082 04 - NÚMERO DE LA CLASIFICACIÓN DECIMAL DEWEY |
| Número de clasificación |
222.11 |
| Cutter |
D262p |
| Número de edición |
19 |
| 100 ## - ENTRADA PRINCIPAL--NOMBRE DE PERSONA |
| Nombre de persona |
Davis, John J., |
| Término indicativo de función/relación |
autor. |
| 9 (RLIN) |
6534 |
| 245 10 - MENCIÓN DEL TÍTULO |
| Título |
Paradise to prison : |
| Resto del título |
studies in Genesis / |
| Mención de responsabilidad, etc. |
John J. Davis. |
| 250 ## - MENCION DE EDICION |
| Mención de edición |
Fifteenth printing. |
| 264 #1 - PRODUCCIÓN, PUBLICACIÓN, DISTRIBUCIÓN, FABRICACIÓN Y COPYRIGHT |
| Producción, publicación, distribución, fabricación y copyright |
Grand Rapids, Michigan : |
| Nombre del de productor, editor, distribuidor, fabricante |
Baker Book House, |
| Fecha de producción, publicación, distribución, fabricación o copyright |
1996. |
| 300 ## - DESCRIPCIÓN FÍSICA |
| Extensión |
363 páginas : |
| Otras características físicas |
ilustraciones, mapas ; |
| Dimensiones |
24 cm |
| 336 ## - TIPO DE CONTENIDO |
| Término de tipo de contenido |
text |
| Fuente |
rdacontent |
| 337 ## - TIPO DE MEDIO |
| Nombre/término del tipo de medio |
unmediated |
| Fuente |
rdamedia |
| 338 ## - TIPO DE SOPORTE |
| Nombre/término del tipo de soporte |
volume |
| Fuente |
rdacarrier |
| 500 ## - NOTA GENERAL |
| Nota general |
Originalmente publicado en 1975 por Baker Books. |
| 500 ## - NOTA GENERAL |
| Nota general |
Incluye más de cuarenta cuadros, mapas, dibujos y fotografías. |
| 504 ## - NOTA DE BIBLIOGRAFÍA, ETC. |
| Nota de bibliografía, etc. |
Incluye bibliografía (páginas 305-340) e índice. |
| 505 0# - NOTA DE CONTENIDO CON FORMATO |
| Nota de contenido con formato |
Introduction to Genesis -- The origin of the universe (1:1-5) -- Days or ages? (1:5) -- When life began (1:6-25) -- The first man (1:26-2:25) -- Temptation and fall (3:1-24) -- The beginning of civilization (4,5) -- The degeneration of man (6:1-13) -- The great flood (6:14-9:29) -- The earth’s population (10,11) -- The journeys of Abraham (12-14) -- Covenant renewal (15-17) -- The destruction of Sodom (18,19) -- Life and death (20-23) -- The last days of Abraham (24-27) -- The adventures of Jacob (28-36) -- From a pit to a palace (37-45) -- The last days of Jacob (46-50). |
| 520 ## - RESUMEN, ETC. |
| Sumario, etc. |
Comentario exegético y teológico sobre el libro de Génesis, escrito desde una perspectiva evangélica conservadora, con análisis histórico y arqueológico. |
| 600 #0 - PUNTO DE ACCESO ADICIONAL DE MATERIA--NOMBRE DE PERSONA |
| Nombre de persona |
Abraham, |
| Títulos y otros términos asociados al nombre |
Patriarca bíblico. |
| 9 (RLIN) |
6535 |
| 630 00 - PUNTO DE ACCESO ADICIONAL DE MATERIA--TÍTULO UNIFORME |
| Título uniforme |
Bible. |
| Nombre de parte o sección de la obra |
Genesis |
| Subdivisión general |
Commentaries. |
| 650 14 - PUNTO DE ACCESO ADICIONAL DE MATERIA--TÉRMINO DE MATERIA |
| Término de materia o nombre geográfico como elemento de entrada |
Biblia. Antiguo Testamento. |
| Subdivisión general |
Crítica e interpretación. |
| 650 14 - PUNTO DE ACCESO ADICIONAL DE MATERIA--TÉRMINO DE MATERIA |
| Término de materia o nombre geográfico como elemento de entrada |
Creación (Teología) |
| 650 14 - PUNTO DE ACCESO ADICIONAL DE MATERIA--TÉRMINO DE MATERIA |
| Término de materia o nombre geográfico como elemento de entrada |
Patriarcas bíblicos. |
| 700 ## - ENTRADA AGREGADA--NOMBRE PERSONAL |
| Nombre de persona |
Davis, John J., |
| Término indicativo de función/relación |
autor. |
| 9 (RLIN) |
6534 |
| 942 ## - ELEMENTOS DE ENTRADA SECUNDARIOS (KOHA) |
| Fuente del sistema de clasificación o colocación |
Clasificación Decimal Dewey |
| Tipo de ítem Koha |
Libros físicos |
| 980 ## - EQUIVALENCIA O REFERENCIA-CRUZADA-MENCIÓN DE SERIE--NOMBRE DE PERSONA/TÍTULO [LOCAL, CANADÁ] |
| ID del último usuario que modificó el registro |
21515 |
| Nombre del último usuario que modificó el registro |
ROMINA COBOS Adquisiciones |